| 000 | 00589nam a2200193Ia 4500 | ||
|---|---|---|---|
| 005 | 20250326140529.0 | ||
| 008 | 250326s9999 xx 000 0 und d | ||
| 020 | _a0-7352-0104-8 | ||
| 037 | _aTextbook | ||
| 040 |
_aFMSL _beng _cFMSL |
||
| 041 |
_aeng _2eng |
||
| 084 |
_aX:891 P0 _qFMSL |
||
| 100 |
_aChorafas D N _920385 |
||
| 245 | 0 |
_aCredit derivatives: the management of risk: including models for credit risk _cChorafas D N |
|
| 260 |
_aNew York _bNew York, Institute for Fiace _c2000 |
||
| 300 | _axxxvi,316 | ||
| 942 |
_cTB _hX:891 P0 |
||
| 999 |
_c1286180 _d1286180 |
||